000 01632nam a2200337 i 4500
001 17635
003 ES-MaACL
005 20250811100319.0
007 t|
008 010411m19881995sp ||||0| spa j ..|
015 _a1990-ENE-790
016 7 _zSAB9000069511
020 _a84-7030-315-5
040 _aM-BN-DP
_bspa
_cM-BN-DP
080 _a616.89-053.2/.6
100 1 _aLebovici, Serge.
_971028
245 1 0 _aTratado de psiquiatría del niño y del adolescente /
_cSerge Lebovici, René Diatkine, Michel Soulé ; traductor, Ignacio Avellanosa ... [et al.] ; prólogo, Alberto Lasa ... [et al.].
260 _aMadrid :
_bBiblioteca Nueva,
_c1988-1995.
300 _a7 v. ;
_c24 cm.
490 1 _aColección Psicoanálisis y psicoterapia
505 8 _aContiene: t. 1. Los límites del campo de la psiquiatría infantil -- t. 2 Medios de diagnóstico. Las consecuencias psiquiátricas de los disfuncionamientos cerebrales y somáticos -- t. 3. Psicopatología I, alteraciones al funcionamiento mental del niño y del adolescente -- t. 4. Psicopatología II, la expresión manifiesta de los trastornos y su comprensión -- t. 5. La patología en relación a la edad -- t. 6. El niño, familia y enseñanza -- t. 7. El niño y la sociedad
650 1 7 _aPsiquiatría infantil
_2embne
_916595
700 1 _aDiatkine, René.
_944110
700 1 _aSoulé, Michel.
_9107562
700 1 _aAvellanosa, Ignacio.
_924010
700 1 _aLasa, Alberto.
_970392
830 0 _aColección Psicoanálisis y psicoterapia
_9228731
852 _aES-MaACL
_jL-24534-40
_bR.129804
999 _c17635
_d17635